How computers work / (Record no. 18583)
[ view plain ]
| 000 -LEADER | |
|---|---|
| fixed length control field | 00629nam a22002412 4500 |
| 001 - CONTROL NUMBER | |
| control field | 0000006305 |
| 003 - CONTROL NUMBER IDENTIFIER | |
| control field | OSt |
| 005 - DATE AND TIME OF LATEST TRANSACTION | |
| control field | 20201109111325.0 |
| 008 - FIXED-LENGTH DATA ELEMENTS--GENERAL INFORMATION | |
| fixed length control field | 071016s xx 000 0 eng d |
| 020 ## - INTERNATIONAL STANDARD BOOK NUMBER | |
| International Standard Book Number | 078974984X |
| 040 ## - CATALOGING SOURCE | |
| Original cataloging agency | KABU |
| Transcribing agency | KABU |
| 050 ## - LIBRARY OF CONGRESS CALL NUMBER | |
| Classification number | QA76.5 |
| Item number | .W45 2015 c.1 |
| 100 1# - MAIN ENTRY--PERSONAL NAME | |
| Personal name | White, Ron. |
| 245 10 - TITLE STATEMENT | |
| Title | How computers work / |
| Statement of responsibility, etc. | Ron White. |
| Remainder of title | the evolution of technology |
| 250 ## - EDITION STATEMENT | |
| Edition statement | 10th ed. |
| 260 ## - PUBLICATION, DISTRIBUTION, ETC. (IMPRINT) | |
| Place of publication, distribution, etc. | Indianapolis |
| Name of publisher, distributor, etc. | Que |
| Date of publication, distribution, etc. | 2015 |
| 300 ## - PHYSICAL DESCRIPTION | |
| Extent | xx, 361p. |
| 650 #0 - SUBJECT ADDED ENTRY--TOPICAL TERM | |
| Topical term or geographic name as entry element | Microcomputers. |
| 700 ## - ADDED ENTRY--PERSONAL NAME | |
| Personal name | Tim Downs |
| 908 ## - PUT COMMAND PARAMETER (RLIN) | |
| Put command parameter | 071016 |
| 942 ## - ADDED ENTRY ELEMENTS (KOHA) | |
| Source of classification or shelving scheme | Library of Congress Classification |
| Koha item type | General Collection |
| Withdrawn status | Lost status | Source of classification or shelving scheme | Not for loan | Home library | Current library | Date acquired | Cost, normal purchase price | Total Checkouts | Full call number | Barcode | Date last seen | Date last checked out | Price effective from | Koha item type |
|---|---|---|---|---|---|---|---|---|---|---|---|---|---|---|
| Library of Congress Classification | Kabarak, Main Campus | Kabarak, Main Campus | 09/11/2020 | 3194.00 | 2 | QA76.5 .W45 2015 c.1 | 029859 | 07/03/2023 | 28/02/2023 | 09/11/2020 | General Collection | |||
| Library of Congress Classification | Kabarak, Main Campus | Kabarak, Main Campus | 09/11/2020 | 3194.00 | 1 | QA76.5 .W45 2015 c.2 | 029860 | 15/11/2021 | 23/10/2021 | 09/11/2020 | General Collection | |||
| Library of Congress Classification | Kabarak, Nakuru City Campus | Kabarak, Main Campus | 09/11/2020 | 3194.00 | 1 | QA76.5 .W45 2015 c.1 | 029861 | 09/10/2025 | 23/09/2025 | 09/11/2020 | General Collection |